|
|
|
|
| LEADER |
00000nam0a2200000 4500 |
| 001 |
271623 |
| 005 |
20231101234444.0 |
| 035 |
|
|
|a (RuTPU)RU\TPU\book\294824
|
| 090 |
|
|
|a 271623
|
| 100 |
|
|
|a 20141009d1986 k y0rusy50 ca
|
| 101 |
0 |
|
|a rus
|
| 102 |
|
|
|a RU
|
| 105 |
|
|
|a y z 000zy
|
| 200 |
1 |
|
|a Критика современных буржуазных политологических и культурологических концепций общественного развития
|e межвузовский сборник
|f под ред. М. Я. Корнеева, А. А. Федосеева
|
| 210 |
|
|
|a Ленинград
|c Изд-во Ленинградского ун-та
|d 1986
|
| 215 |
|
|
|a 207 с.
|
| 225 |
1 |
|
|a Актуальные проблемы критики современной буржуазной философии и социологии
|v Вып. 6
|
| 606 |
1 |
|
|a Социология буржуазная
|x История
|x Критика
|2 stltpush
|3 (RuTPU)RU\TPU\subj\37936
|9 58693
|
| 610 |
1 |
|
|a философия
|
| 610 |
1 |
|
|a общественное развитие
|
| 610 |
1 |
|
|a концепции
|
| 610 |
1 |
|
|a критика
|
| 686 |
|
|
|a С5в,08
|v LBC/SL-A
|2 rubbk
|
| 702 |
|
1 |
|a Корнеев
|b М. Я.
|4 340
|
| 702 |
|
1 |
|a Федосеев
|b А. А.
|4 340
|
| 801 |
|
1 |
|a RU
|b 63413507
|c 20141009
|
| 801 |
|
2 |
|a RU
|b 63413507
|c 20160530
|g RCR
|
| 942 |
|
|
|c BK
|